| 000 | 00327nam a22001337a 4500 | ||
|---|---|---|---|
| 020 | _a1-84236-404-9 | ||
| 082 |
_a030 _bRAI/S |
||
| 100 | _aRAINFORD, JENNI | ||
| 245 | _aSCIENCE ENCYCLOPEDIA | ||
| 260 |
_aGREAT BRITAIN _bMILES KEILY PUBLISHING _c2004 |
||
| 300 | _a256 | ||
| 650 |
_aGENERAL KNOWLEDGE _zGREAT BRITAIN |
||
| 942 | _cBK | ||
| 999 |
_c1850 _d1850 |
||